| 000 | 00503nam a22001817a 4500 | ||
|---|---|---|---|
| 005 | 20250416105850.0 | ||
| 010 | _aENG-144610 | ||
| 020 |
_c1500.00 _a9789392918087 |
||
| 035 | _aEN-128142 | ||
| 037 | _bDBAD | ||
| 082 | _a792.803 | ||
| 100 |
_aArora Suman _980608 |
||
| 245 |
_aClassical Indian Dance\ _cSuman Arora |
||
| 260 |
_aDelhi _bAadi Books _c2022 |
||
| 270 |
_bDelhi _a39/18,Shakti Nagar _e110007 |
||
| 300 |
_aviii,304p. _c22cm(pb) |
||
| 942 |
_2ddc _cEN _h792.803 _mARO |
||
| 999 |
_c210964 _d210964 |
||